00531nam a2200157 a 450000100100000000500170001000800410002702000150006804000250008308200150010810000240012324500950014726000690024230000320031150400300034300004555720201002052320.0150415s2003 dr a 000 0 spa d a9993468576 aDO-SdBNPbspacBNPHU axxxxbxxxx1 aOrtiz V., Sergio A.10aPreguntas y respuestas que hay que conocer sobre la seguridad social /cSergio A. Ortiz V. aSanto Domingo :bEdiciones Jurídicas Trajano Potentini,c2003. axxx, 90 p. :bil. ;c21 cm. aBibliografía : p. 89-90